Statistiques concernant 5 plus grandes langues ouraliennes

Cliquez ici pour prendre le quiz!

Statistiques générales

  • Ce quiz a été pris 42 fois
  • Le résultat moyen est 3 sur 5

Statistiques - réponses

#Langues% Correct
5,2 millionFinlandais
94%
1,1 millionEstonien
91%
14 millionHongrois
89%
600,000Mari
29%
566,000Oudmourte
11%

Distribution des résultats

Percentile par nombre de réponses

% des personnes avec chaque résultat

Votre développement - résultats

Vous n’avez pas pris ce quiz